Separation and characterisation of phenolic substances in smoke deposites in RSS (Record no. 68604)

MARC details
000 -LEADER
fixed length control field 00441nam a2200133Ia 4500
100 ## - MAIN ENTRY--AUTHOR NAME
Personal name Karunaratne S W
245 #0 - TITLE STATEMENT
Title Separation and characterisation of phenolic substances in smoke deposites in RSS
260 ## - PUBLICATION, DISTRIBUTION, ETC. (IMPRINT)
Name of publisher Proceedings of the International Rubber Conference, Colombo, 1984, V2. Part 1; p71-78
650 ## - SUBJECT ADDED ENTRY--TOPICAL TERM
Topical Term RSS
700 ## - ADDED ENTRY--PERSONAL NAME
Personal name Chandralal H N K K
700 ## - ADDED ENTRY--PERSONAL NAME
Personal name Silva L B K
942 ## - ADDED ENTRY ELEMENTS (KOHA)
Koha item type Journals
Holdings
Withdrawn status Lost status Damaged status Not for loan Home library Current library Shelving location Date acquired Koha item type
      Journals RRII Library RRII Library Rubber chemistry 17/12/2021 Journals